000 00808nam a22002531 4500
001 72479
003 BD-RjUL
005 20211209082251.0
008 170520s1957 enka b 001 0 eng
035 _a(BD-RjUL)72697
040 _aDLC
_cDLC
_dDLC
_dBD-RjUL
_beng
041 _aeng
082 0 0 _a537.5
_bVAS 1958
_223
100 1 _aVan der Ziel, Aldert,
_d1910-
_928255
245 1 0 _aSolid state physical electronics /
_cAldert Van der Ziel
260 _aLondon :
_bMacmillan & Co Ltd,
_c1958 [ Printing 1961 ].
300 _ax, 604 p. :
_bill. ;
_c23 cm.
490 0 _aSolid state physical electronics series
504 _aIncludes bibliographies and index.
650 0 _aElectronics.
_928256
830 _aSolid state physical electronics series
_9159642
942 _2ddc
_cBK
999 _c72479
_d72479